| 000 | 00986nam a2200229Ii 4500 | ||
|---|---|---|---|
| 003 | JO-AjNU | ||
| 008 | 230605s9999||||xx |||||||||||||| ||und|| | ||
| 017 | _a2008/1/248 | ||
| 020 | _a978-9957-07-568-2 | ||
| 040 |
_aJO-AjNU _bara _erda _cJO-AjNU |
||
| 041 | _aara | ||
| 050 | 1 | 4 | _aLC3969.K434 2021 |
| 100 | 3 |
_aتأليف الخطيب، جمال محمد، م. مشارك منى صبحي الحديدي, _eauthor _960624 |
|
| 245 | 0 | 0 | _aمناهج واساليب التدريس في التربية الخاصة |
| 250 | _aالطبعة الثامنة | ||
| 264 | 3 | 1 | _aعمان: دار الفكر ناشرون وموزعون، كتابي للنشر والتوزيع، 2021 |
| 300 |
_a304ص _b ويحتوي على قائمة مراجع من ص303ص- 304ص |
||
| 336 |
_atext _btxt _2rdacontent |
||
| 337 |
_aunmediated _bn _2rdamedia |
||
| 338 |
_avolume _bnc _2rdacarrier |
||
| 650 | 4 |
_aالتعليم الخاص- المعوقين-اساليب التدريس-المناهج _960625 |
|
| 999 |
_aA27348 _c30916 _d30916 |
||